000
00349nam a2200157Ia 4500
008
210210b1927 xxu||||| |||| 00| 0 eng d
041
_a
eng
082
_a
520/26
100
_a
BROOKS (C E P)
245
_a
Weather
260
_a
London
_b
Ernest Benn Limited
_c
1927
300
_a
79
650
_a
Weather
690
_a
Astronomy
906
_a
008011
999
_c
125877
_d
125877